Statistiques concernant Buteurs australiens en Coupe du Monde

Cliquez ici pour prendre le quiz!

Statistiques générales

  • Ce quiz a été pris 23 fois
    (12 depuis la dernière actualisation)
  • Le résultat moyen est 3 sur 9

Statistiques - réponses

Nombre de butsClubNom du joueur% Correct
5Everton, New York Red BullsTim Cahill
83%
1Adelaïde UnitedCraig Goodwin
58%
1Melbourne CityMathew Leckie
42%
3Crystal Palace, Aston VillaMile Jedinak
42%
1Liverpool FCHarry Kewell
25%
1Fagiano OkayamaMitchell Duke
25%
2AZ AlkmaarBrett Holman
17%
1Newcastle UnitedCraig Moore
17%
1Deportivo AlavésJohn Aloisi
17%

Distribution des résultats

Percentile par nombre de réponses

% des personnes avec chaque résultat

Votre développement - résultats

Vous n’avez pas pris ce quiz depuis la dernière actualisation